[Event "St Petersburg Korchnoi Memorial op"]
[Site "St Petersburg"]
[Date "2023.08.20"]
[Round "4"]
[White "Suleymanov, Magomed"]
[Black "Rachikhin, Roman"]
[Result "0-1"]
[WhiteElo "1018"]
[BlackElo "1478"]
[PlyCount "106"]
[EventDate "2023.08.18"]
[EventType "swiss"]
[EventRounds "9"]
[EventCountry "RUS"]
[SourceTitle "EXT 2024"]
[Source "ChessBase"]
[SourceDate "2023.10.10"]
[SourceVersion "1"]
[SourceVersionDate "2023.10.10"]
[SourceQuality "1"]

1. e4 c5 2. Nc3 d6 3. f4 Nc6 4. Nf3 e5 5. d3 Bg4 6. Be2 Bxf3 7. Bxf3 Nge7 8. 0-0 g6 9. fxe5 Nxe5 10. Bg5 Bg7 11. Nd5 N5c6 12. Nf6+ Kf8 13. Qd2 h6 14. Bh4 g5 15. Bxg5 hxg5 16. Qxg5 Ng8 17. Nd7+ Qxd7 18. Bh5 Nf6 19. Be2 Qe6 20. Rf5 Nd4 21. Rf2 Nxe2+ 22. Rxe2 Qe5 23. Qxe5 dxe5 24. Rf1 Ke7 25. Rf5 Rh5 26. Rf3 Rah8 27. h3 Nd7 28. Ref2 f6 29. Rg3 Bh6 30. c4 Bf4 31. Rg7+ Ke6 32. Rf3 Rg5 33. Rxg5 Bxg5 34. a3 a5 35. Kf2 Nb8 36. Rg3 Bh4 37. Kf3 Bxg3 38. Kxg3 Rd8 39. h4 Rxd3+ 40. Kg4 Kf7 41. h5 Nd7 42. Kh4 Re3 43. h6 Kg6 44. g4 Rxe4 45. b4 axb4 46. axb4 Kxh6 47. b5 f5 48. b6 Rxg4+ 49. Kh3 e4 50. Kh2 e3 51. Kh3 e2 52. Kh2 e1R 53. Kh3 Rh1# 0-1

[Event "Wch U12"]
[Site "Batumi"]
[Date "2022.09.26"]
[Round "10"]
[White "Suleymanov, Magomed"]
[Black "Gvasalia, Gaga"]
[Result "0-1"]
[WhiteElo "1009"]
[BlackElo "1320"]
[PlyCount "39"]
[EventDate "2022.09.16"]
[EventType "swiss"]
[EventRounds "11"]
[EventCountry "GEO"]
[SourceTitle "EXT 2023"]
[Source "ChessBase"]
[SourceDate "2022.10.05"]
[SourceVersion "1"]
[SourceVersionDate "2022.10.05"]
[SourceQuality "1"]

1. d4 Nf6 2. Nf3 d5 3. e3 c5 4. b3 Bf5 5. Bd3 Bxd3 6. Qxd3 e6 7. 0-0 Bd6 8. Bb2 0-0 9. Ne5 Nbd7 10. f4 Ne4 11. Rf3 f5 12. Nd2 Ndf6 13. c4 Qa5 14. Nxe4 fxe4 15. Qc3 Qxc3 16. Bxc3 exf3 17. Nxf3 Ne4 18. dxc5 Bxc5 19. Bd4 Bxd4 20. exd4 0-1